书目信息 |
| 题名: |
农药残留薄层层析法
|
|
| 作者: | 商检群 编 | |
| 分册: | ||
| 出版信息: | 北京 中国财政经济出版社 1976.10 |
|
| 页数: | 279页 | |
| 开本: | 20cm | |
| 丛书名: | ||
| 单 册: | ||
| 中图分类: | TQ45 | |
| 科图分类: | ||
| 主题词: | 农药--化学工业 | |
| 电子资源: | ||
| ISBN: | ||
| 000 | 00547nam0 2200193 450 | |
| 001 | 0633210140 | |
| 005 | 20061123091514.89 | |
| 010 | @dCNY1.40 | |
| 100 | @a20061123d1976 km y0chiy0120 ea | |
| 101 | 0 | @achi |
| 102 | @aCN@b110000 | |
| 200 | 1 | @a农药残留薄层层析法@Anong yao can liu bo ceng ceng xi fa@f商检群编@Fshang jian qun bian |
| 210 | @a北京@c中国财政经济出版社@d1976.10 | |
| 215 | @a279页@d20cm | |
| 606 | 0 | @a农药@x化学工业 |
| 690 | @aTQ45@v3 | |
| 701 | 0 | @a商检群@Ashang jian qun@4编 |
| 801 | 0 | @aCN@bPFT@c20061123 |
| 905 | @a10447@dTQ45@e8 | |
| 农药残留薄层层析法/商检群编.-北京:中国财政经济出版社,1976.10 |
| 279页;20cm |
| ISBN :CNY1.40 |
| ● |
| 相关链接 |
|
|
|
|
正题名:农药残留薄层层析法
索取号:TQ45/8
 
预约/预借
| 序号 | 登录号 | 条形码 | 馆藏地/架位号 | 状态 | 备注 |
| 1 | 0017162 | 001647702 | 第二样本阅览室/ [索取号:TQ45/8] | 在馆 |